=LDR 00000nam 2200000 4500 =001 INLIS000000000006040 =005 20130612094219 =008 ***********************************Ind** =035 ##$$0010-061300000006040 =041 ##$$a Ind =082 ##$$a 200.9 =090 ##$$a 200.9, Man s =100 ##$$a MANAF, Mujahid Abdul =245 ##$$a Sejarah agama-agama, Mudjahid Abdul Manaf =260 ##$$a 1994 $b Jakarta =300 ##$$a xii, 148 hlm, 21 cm =650 ##$$a Agama - Sejarah =850 ##$$a NBPNMAT